| 000 | 00902cab a2200181 4500 | ||
|---|---|---|---|
| 001 | WB2643-34 | ||
| 008 | 090401t1990 xxu||||| |||| 00| 0 eng d | ||
| 035 | _a(Sirsi) u9346 | ||
| 041 | _aeng | ||
| 245 | _aTrouble for dutch and french construction industries | ||
| 260 | _c1990 | ||
| 350 | _a0 | ||
| 490 |
_aContract Journal _vvol 356 no 5769 25/10/90 p13(2) |
||
| 520 | _aDutch contractors are looking for opportunities for expansion in the Europe an construction market in areas such as Germany , as recession hits their own industry. The french construction industry is feeling the effect of the Gulf crisis with contracts being terminated in Kuwait and Iraq . Attempts have also been made to reduce corruption in France with a new law to monitor the contract awarding procedures with strict penalties for abuse of the system. | ||
| 690 | _aOVERSEAS-EUROPE | ||
| 942 | _n0 | ||
| 948 | _c04/03/1997 | ||
| 999 |
_c5822 _d5822 |
||